000 00367pab a2200157 454500
008 180718b2001 xxu||||| |||| 00| 0 eng d
100 _aShukla, P.D.
245 _aHow to stabilise population growth
260 _c2001
300 _ap.7
362 _a5 Oct
650 _aIndia - Population
650 _aPopulation increase
773 _aPioneer
909 _a50956
999 _c50956
_d50956